[Event "LTU-chT"]
[Site "Lithuania"]
[Date "2022.03.13"]
[Round "4.1"]
[White "Steponavicius, Stasys"]
[Black "Vaznonis, Vytautas"]
[Result "1/2-1/2"]
[WhiteElo "2198"]
[BlackElo "2377"]
[PlyCount "51"]
[EventDate "2022.03.11"]
[EventType "team-swiss"]
[EventRounds "7"]
[EventCountry "LTU"]
[SourceTitle "CBM 207 Extra"]
[Source "ChessBase"]
[SourceDate "2022.05.31"]
[SourceVersion "1"]
[SourceVersionDate "2022.05.31"]
[SourceQuality "1"]
[WhiteTeam "Kaunas Margiris"]
[BlackTeam "Kaunas SBK"]
[WhiteTeamCountry "LTU"]
[BlackTeamCountry "LTU"]

1. d4 d5 2. c4 c6 3. cxd5 cxd5 4. Bg5 h6 5. Bh4 Qb6 6. Nc3 e6 7. Qd2 Ne7 8. f3 Nbc6 9. Rd1 Nf5 10. Bf2 Bb4 11. e4 Nfe7 12. Bd3 Bd7 13. Nge2 Rc8 14. 0-0 Na5 15. a3 Bxc3 16. Nxc3 Nc4 17. Bxc4 Rxc4 18. exd5 Nxd5 19. Nxd5 exd5 20. Rfe1+ Be6 21. Rc1 Rxc1 22. Rxc1 0-0 23. Rc5 Qb3 24. Qc2 Qxc2 25. Rxc2 Rc8 26. Rxc8+ 1/2-1/2

[Event "LTU-ch sf"]
[Site "Kaunas"]
[Date "2021.09.29"]
[Round "8"]
[White "Steponavicius, Stasys"]
[Black "Stremavicius, Pijus"]
[Result "1/2-1/2"]
[WhiteElo "2194"]
[BlackElo "2253"]
[PlyCount "55"]
[EventDate "2021.09.24"]
[EventType "swiss"]
[EventRounds "8"]
[EventCountry "LTU"]
[SourceTitle "EXT 2023"]
[Source "ChessBase"]
[SourceDate "2022.10.05"]
[SourceVersion "1"]
[SourceVersionDate "2022.10.05"]
[SourceQuality "1"]

1. d4 Nf6 2. c4 e6 3. Nc3 Bb4 4. Nf3 b6 5. g3 Bxc3+ 6. bxc3 Bb7 7. Bg2 0-0 8. Bg5 d6 9. 0-0 h6 10. Bxf6 Qxf6 11. Qd3 Re8 12. Nd2 Nc6 13. f4 Qe7 14. Rae1 Rad8 15. Rf2 f6 16. f5 Na5 17. Bxb7 Nxb7 18. fxe6 Qxe6 19. e4 c6 20. Ref1 Kh8 21. Qf3 Na5 22. Qh5 Rf8 23. Nf3 Qe8 24. Qg4 Nxc4 25. Re1 Qd7 26. Qh5 Qe8 27. Qg4 Qd7 28. Qh5 1/2-1/2

[Event "LTU-ch sf"]
[Site "Kaunas"]
[Date "2021.09.26"]
[Round "5"]
[White "Steponavicius, Stasys"]
[Black "Kalvaitis, Sigitas"]
[Result "1/2-1/2"]
[WhiteElo "2194"]
[BlackElo "2171"]
[PlyCount "32"]
[EventDate "2021.09.24"]
[EventType "swiss"]
[EventRounds "8"]
[EventCountry "LTU"]
[SourceTitle "EXT 2023"]
[Source "ChessBase"]
[SourceDate "2022.10.05"]
[SourceVersion "1"]
[SourceVersionDate "2022.10.05"]
[SourceQuality "1"]

1. d4 Nf6 2. c4 g6 3. Nc3 d5 4. cxd5 Nxd5 5. e4 Nxc3 6. bxc3 Bg7 7. Bc4 c5 8. Ne2 Nc6 9. Be3 0-0 10. Rc1 cxd4 11. cxd4 Qa5+ 12. Kf1 Qa3 13. Rc3 Qd6 14. h4 h5 15. f3 Be6 16. Kf2 Bxc4 1/2-1/2

[Event "Panevezys Kveinys Memorial op"]
[Site "Panevezys"]
[Date "2021.08.06"]
[Round "9"]
[White "Steponavicius, Stasys"]
[Black "Kalvaitis, Sigitas"]
[Result "1/2-1/2"]
[WhiteElo "2209"]
[BlackElo "2164"]
[PlyCount "87"]
[EventDate "2021.07.30"]
[EventType "swiss"]
[EventRounds "9"]
[EventCountry "LTU"]
[SourceTitle "EXT 2022"]
[Source "ChessBase"]
[SourceDate "2021.10.06"]
[SourceVersion "1"]
[SourceVersionDate "2021.10.06"]
[SourceQuality "1"]

1. d4 Nf6 2. c4 g6 3. Nc3 d5 4. cxd5 Nxd5 5. Nxd5 Qxd5 6. e3 Bg7 7. Ne2 0-0 8. Nc3 Qd6 9. Be2 e5 10. dxe5 Qxe5 11. 0-0 Be6 12. Qa4 Nd7 13. Rd1 Nc5 14. Qh4 Bf6 15. Qg3 Rad8 16. Bd2 Qxg3 17. hxg3 Nd3 18. Rab1 Bg7 19. b3 Rd7 20. Na4 Rfd8 21. Bc3 Bxc3 22. Nxc3 Kg7 23. Kf1 c5 24. Bf3 b6 25. Bc6 Rd6 26. Bb5 Nb4 27. Rxd6 Rxd6 28. Ke2 h5 29. a3 Nc2 30. Bd3 Nxa3 31. Ra1 c4 32. bxc4 Bxc4 33. Bxc4 Nxc4 34. Rxa7 Rd2+ 35. Ke1 Rb2 36. Ra2 Rb3 37. Ne4 b5 38. Nd2 Nxd2 39. Kxd2 Rb1 40. f3 Kf6 41. Kc2 Rg1 42. Kd3 Rb1 43. Kc2 Rg1 44. Kd3 1/2-1/2

[Event "Panevezys Kveinys Memorial op"]
[Site "Panevezys"]
[Date "2021.07.30"]
[Round "1"]
[White "Steponavicius, Stasys"]
[Black "Sulskis, Sarunas"]
[Result "0-1"]
[WhiteElo "2209"]
[BlackElo "2523"]
[PlyCount "60"]
[EventDate "2021.07.30"]
[EventType "swiss"]
[EventRounds "9"]
[EventCountry "LTU"]
[SourceTitle "EXT 2022"]
[Source "ChessBase"]
[SourceDate "2021.10.06"]
[SourceVersion "1"]
[SourceVersionDate "2021.10.06"]
[SourceQuality "1"]

1. d4 e6 2. c4 b6 3. Nc3 Bb7 4. Nf3 f5 5. g3 Nf6 6. Bg2 Bb4 7. 0-0 0-0 8. Qc2 Nc6 9. Bg5 Bxc3 10. Bxf6 Qxf6 11. Qxc3 Nd8 12. Ne5 Bxg2 13. Kxg2 Qe7 14. Qf3 Nf7 15. Nxf7 Qxf7 16. Rae1 d6 17. e4 f4 18. e5 Rad8 19. exd6 Rxd6 20. Re4 Qd7 21. Rxf4 Rxf4 22. Qxf4 Rxd4 23. Qf3 Rxc4 24. Qa8+ Kf7 25. Qxa7 Qc6+ 26. Kh3 Rc5 27. Qa3 Rh5+ 28. Kg4 Qe4+ 29. f4 Rxh2 30. Qc3 h5+ 0-1

[Event "LTU-ch Rapid op"]
[Site "Vilnius"]
[Date "2021.07.17"]
[Round "9"]
[White "Steponavicius, Stasys"]
[Black "Kuznecovas, Kevinas"]
[Result "1-0"]
[WhiteElo "2189"]
[BlackElo "1827"]
[PlyCount "67"]
[EventDate "2021.07.17"]
[EventType "swiss (rapid)"]
[EventRounds "9"]
[EventCountry "LTU"]
[SourceTitle "EXT 2023"]
[Source "ChessBase"]
[SourceDate "2022.10.05"]
[SourceVersion "1"]
[SourceVersionDate "2022.10.05"]
[SourceQuality "1"]

1. d4 Nf6 2. c4 e5 3. dxe5 Ng4 4. e4 Nxe5 5. f4 Nec6 6. Be3 Na6 7. Nc3 Bc5 8. Qd2 d6 9. Nf3 Be6 10. Bd3 Bxe3 11. Qxe3 Nc5 12. a3 a5 13. 0-0 Nxd3 14. Qxd3 Qf6 15. f5 Bd7 16. Nd5 Qd8 17. f6 g6 18. e5 Be6 19. Rae1 Nxe5 20. Nxe5 dxe5 21. Rxe5 c6 22. Rxe6+ fxe6 23. f7+ Kd7 24. Nb6+ Ke7 25. Qe3 Qd6 26. Qg5+ Kf8 27. Nxa8 h6 28. Qf6 Rh7 29. Qxg6 Qd4+ 30. Kh1 Rg7 31. Qxe6 Qd8 32. Qxh6 Qd3 33. Qh8+ Ke7 34. f8Q+ 1-0

[Event "LTU-chT"]
[Site "Lithuania"]
[Date "2021.05.14"]
[Round "5.2"]
[White "Steponavicius, Stasys"]
[Black "Vedrickas, Tautvydas"]
[Result "1-0"]
[WhiteElo "2193"]
[BlackElo "2395"]
[PlyCount "143"]
[EventDate "2021.05.07"]
[EventType "team-swiss"]
[EventRounds "7"]
[EventCountry "LTU"]
[SourceTitle "CBM 202 Extra"]
[Source "ChessBase"]
[SourceDate "2021.07.31"]
[SourceVersion "1"]
[SourceVersionDate "2021.07.31"]
[SourceQuality "1"]
[WhiteTeam "Kaunas Margiris"]
[BlackTeam "Vilnius MRU"]
[WhiteTeamCountry "LTU"]
[BlackTeamCountry "LTU"]

1. d4 Nf6 2. c4 c5 3. d5 b5 4. Qc2 e6 5. e4 d6 6. Nf3 g6 7. b3 Bg7 8. Bb2 exd5 9. exd5 0-0 10. Bd3 Re8+ 11. Kf1 bxc4 12. bxc4 Nbd7 13. Nbd2 Rb8 14. Bc3 Nb6 15. h3 Ba6 16. Kg1 Nh5 17. Bxg7 Kxg7 18. g3 f5 19. Kg2 Qf6 20. Rab1 Re7 21. Nb3 Bb7 22. Na5 Ba8 23. Qd2 h6 24. Rhe1 Rbe8 25. Bc2 Kh7 26. Rxe7+ Rxe7 27. Re1 Ng7 28. Rxe7 Qxe7 29. g4 Qf6 30. gxf5 Nxf5 31. Qf4 Nc8 32. Bxf5 gxf5 33. Nc6 Bxc6 34. dxc6 Ne7 35. c7 Qe6 36. Qh4 Qg8+ 37. Kh2 Nc8 38. Qf6 Qg6 39. Qxg6+ Kxg6 40. Kg3 Kf6 41. Kf4 Ke6 42. Nh4 Kd7 43. Nxf5 Kxc7 44. Ke4 Nb6 45. Kd3 d5 46. cxd5 Nxd5 47. Kc4 Kc6 48. Nxh6 Nb6+ 49. Kb3 c4+ 50. Kc3 Kc5 51. Nf5 Nd5+ 52. Kd2 Kb4 53. Ne3 Nf6 54. Nc2+ Kc5 55. f3 a5 56. h4 Nd5 57. h5 c3+ 58. Kd1 Kc4 59. h6 Nf4 60. h7 Ng6 61. Ke2 Nf4+ 62. Ke3 Ng6 63. Ke4 a4 64. f4 Nh8 65. Ne3+ Kb4 66. Kd3 Ka3 67. Kxc3 Kxa2 68. Nc4 Kb1 69. f5 Nf7 70. f6 Nh8 71. Kb4 Kc2 72. Ne5 1-0

[Event "LTU-chT"]
[Site "Lithuania"]
[Date "2021.05.09"]
[Round "4.2"]
[White "Steponavicius, Stasys"]
[Black "Stremavicius, Pijus"]
[Result "0-1"]
[WhiteElo "2193"]
[BlackElo "2214"]
[PlyCount "104"]
[EventDate "2021.05.07"]
[EventType "team-swiss"]
[EventRounds "7"]
[EventCountry "LTU"]
[SourceTitle "CBM 202 Extra"]
[Source "ChessBase"]
[SourceDate "2021.07.31"]
[SourceVersion "1"]
[SourceVersionDate "2021.07.31"]
[SourceQuality "1"]
[WhiteTeam "Kaunas Margiris"]
[BlackTeam "Kaunas SBK"]
[WhiteTeamCountry "LTU"]
[BlackTeamCountry "LTU"]

1. d4 Nf6 2. c4 e6 3. Nc3 Bb4 4. Nf3 0-0 5. g3 b6 6. Bg2 Bb7 7. Bd2 c5 8. 0-0 cxd4 9. Nxd4 Bxg2 10. Kxg2 d5 11. cxd5 Nxd5 12. Ne4 Be7 13. Rc1 Nf6 14. Nxf6+ Bxf6 15. Bc3 e5 16. Nf5 Nc6 17. Qxd8 Rfxd8 18. Rfd1 g6 19. Rd6 Bg5 20. e3 Nd4 21. Rxd8+ Rxd8 22. Nxd4 exd4 23. Bxd4 Rxd4 24. h4 Bxe3 25. fxe3 Rd2+ 26. Kf3 Rxb2 27. a4 h5 28. Rc7 a5 29. e4 Rb4 30. Rb7 Rxa4 31. Rxb6 Rb4 32. Ra6 a4 33. Ra7 Rb3+ 34. Kf4 a3 35. e5 Kf8 36. e6 fxe6 37. g4 Rb4+ 38. Kg5 Rxg4+ 39. Kf6 Kg8 40. Rxa3 Kh7 41. Rh3 Re4 42. Kf7 e5 43. Kf6 Kh6 44. Rh1 Kh7 45. Rh3 Re1 46. Rh2 e4 47. Rg2 e3 48. Rxg6 e2 49. Rg7+ Kh8 50. Kf7 Rf1+ 51. Kg6 Rg1+ 52. Kh6 Rxg7 0-1

[Event "LTU-ch Amateurs"]
[Site "Kaunas"]
[Date "2020.08.27"]
[Round "1"]
[White "Raugevicius, Matas"]
[Black "Steponavicius, Stasys"]
[Result "0-1"]
[WhiteElo "1214"]
[BlackElo "2191"]
[PlyCount "82"]
[EventDate "2020.08.27"]
[EventType "swiss"]
[EventRounds "7"]
[EventCountry "LTU"]
[SourceTitle "EXT 2022"]
[Source "ChessBase"]
[SourceDate "2021.10.06"]
[SourceVersion "1"]
[SourceVersionDate "2021.10.06"]
[SourceQuality "1"]

1. e4 c5 2. Nf3 Nc6 3. Bb5 e6 4. 0-0 Nge7 5. Re1 a6 6. Bf1 d5 7. d3 d4 8. e5 Ng6 9. Qe2 Be7 10. g3 b5 11. Bg2 Bb7 12. h4 h6 13. Nbd2 Qc7 14. a4 Nf8 15. axb5 axb5 16. Rxa8+ Bxa8 17. c3 dxc3 18. bxc3 Nd7 19. Nb3 0-0 20. d4 cxd4 21. cxd4 Na5 22. Nxa5 Qxa5 23. Bd2 b4 24. g4 Rb8 25. g5 hxg5 26. Bxg5 Bf8 27. Nd2 Bxg2 28. Kxg2 b3 29. Rb1 b2 30. Nc4 Qd5+ 31. Kg1 Qxd4 32. Rxb2 Rxb2 33. Nxb2 Nxe5 34. Kg2 f6 35. Bc1 Qxh4 36. Nd3 Qc4 37. Nf4 Qxc1 38. Kg3 Qc3+ 39. Kg2 Qc4 40. Qd2 Qe4+ 41. f3 Qxf3+ 0-1

[Event "LTU-ch Rapid op"]
[Site "Taujenai"]
[Date "2019.10.19"]
[Round "7.12"]
[White "Jonusevicius, Audrius"]
[Black "Steponavicius, Stasys"]
[Result "0-1"]
[WhiteElo "1923"]
[BlackElo "2175"]
[PlyCount "94"]
[EventDate "2019.10.19"]
[EventType "swiss (rapid)"]
[EventRounds "11"]
[EventCountry "LTU"]
[SourceTitle "EXT 2023"]
[Source "ChessBase"]
[SourceDate "2022.10.05"]
[SourceVersion "1"]
[SourceVersionDate "2022.10.05"]
[SourceQuality "1"]

1. d4 Nf6 2. Nd2 d5 3. Ngf3 g6 4. e3 Bg7 5. c4 c6 6. Bd3 0-0 7. 0-0 b6 8. Ne5 Bb7 9. cxd5 cxd5 10. b3 Nfd7 11. Bb2 Nc6 12. f4 Rc8 13. Rc1 Ndxe5 14. fxe5 f6 15. exf6 exf6 16. Re1 f5 17. Nf3 Qe7 18. Bb5 Nb8 19. Ne5 a6 20. Be2 Nd7 21. Nxd7 Qxd7 22. Qd3 Qe7 23. Bf3 Rxc1 24. Bxc1 Re8 25. Bd2 Qa3 26. Qb1 h5 27. g3 Qe7 28. Kf2 Bh6 29. Qc1 Kh7 30. Qc2 h4 31. Qd3 Bg5 32. Rc1 Kg7 33. Rc3 Qd6 34. Qc2 Bd8 35. Kg2 Rh8 36. g4 fxg4 37. Bxg4 Rf8 38. Be1 Rf7 39. Qe2 Qf6 40. b4 Qg5 41. a3 Bc7 42. Bf2 Bc8 43. h3 Bf5 44. Kf1 Be4 45. Ke1 Bg3 46. Bxg3 hxg3 47. Kd2 Rf3 0-1

[Event "LTU-ch"]
[Site "Vilnius"]
[Date "2019.03.19"]
[Round "7"]
[White "Steponavicius, Stasys"]
[Black "Indriunas, Matas"]
[Result "0-1"]
[WhiteElo "2194"]
[BlackElo "1908"]
[PlyCount "72"]
[EventDate "2019.03.15"]
[EventType "swiss"]
[EventRounds "9"]
[EventCountry "LTU"]
[SourceTitle "CBM 189 Extra"]
[Source "ChessBase"]
[SourceDate "2019.06.03"]
[SourceVersion "1"]
[SourceVersionDate "2019.06.03"]
[SourceQuality "1"]

1. d4 Nf6 2. c4 g6 3. Nc3 Bg7 4. e4 d6 5. Be2 0-0 6. Bg5 h6 7. Be3 e5 8. d5 Nbd7 9. g4 Nc5 10. f3 a5 11. h4 h5 12. Bg5 hxg4 13. fxg4 Qd7 14. Bxf6 Bxf6 15. Qd2 Qd8 16. g5 Be7 17. 0-0-0 Kg7 18. Nf3 Rh8 19. Rdg1 c6 20. Qe3 a4 21. Nd2 Bd7 22. Qf3 Qa5 23. Rf1 Raf8 24. Qg3 Rh7 25. Rf3 a3 26. b3 Rfh8 27. Rff1 Bxg5 28. Qxg5 Qxc3+ 29. Kd1 Qa1+ 30. Kc2 Qxa2+ 31. Kd1 Qa1+ 32. Kc2 Qb2+ 33. Kd1 a2 34. Qf6+ Kf8 35. Qd8+ Be8 36. Qxd6+ Kg8 0-1

[Event "Kaunas Amateur-ch"]
[Site "Kaunas"]
[Date "2018.08.18"]
[Round "2"]
[White "Steponavicius, Stasys"]
[Black "Zebelis, Rimantas"]
[Result "1-0"]
[WhiteElo "2177"]
[BlackElo "1737"]
[PlyCount "65"]
[EventDate "2018.08.18"]
[EventType "swiss"]
[EventRounds "8"]
[EventCountry "LTU"]
[SourceTitle "CBM 186 Extra"]
[Source "ChessBase"]
[SourceDate "2018.08.24"]
[SourceVersion "1"]
[SourceVersionDate "2018.08.24"]
[SourceQuality "1"]

1. d4 d5 2. c4 c6 3. Nc3 Nf6 4. e3 e6 5. Nf3 Nbd7 6. Qc2 Bd6 7. b3 Qe7 8. Bb2 0-0 9. Be2 Re8 10. 0-0 e5 11. dxe5 Nxe5 12. cxd5 cxd5 13. Nb5 Neg4 14. Nxd6 Qxd6 15. h3 Nh6 16. Rac1 Bf5 17. Qc7 Qxc7 18. Rxc7 Be4 19. Bxf6 gxf6 20. Nd4 Rab8 21. g4 Kh8 22. Bb5 Rg8 23. f3 Bg6 24. Kf2 Rgc8 25. Rfc1 Rxc7 26. Rxc7 Ng8 27. Bd7 a6 28. Bc8 b5 29. Bxa6 Ra8 30. Bxb5 Rxa2+ 31. Kg3 Kg7 32. Bc6 h5 33. Bxd5 1-0

[Event "LTU-chT"]
[Site "Lithuania"]
[Date "2018.03.24"]
[Round "4.4"]
[White "Dubovikas, Tomas"]
[Black "Steponavicius, Stasys"]
[Result "1/2-1/2"]
[WhiteElo "2209"]
[BlackElo "2181"]
[PlyCount "37"]
[EventDate "2018.01.27"]
[EventType "team-swiss"]
[EventRounds "7"]
[EventCountry "LTU"]
[SourceTitle "EXT 2019"]
[Source "ChessBase"]
[SourceDate "2018.10.10"]
[SourceVersion "1"]
[SourceVersionDate "2018.10.10"]
[SourceQuality "1"]
[WhiteTeam "Siauliai Tomas"]
[BlackTeam "Kaunas Margiris"]
[WhiteTeamCountry "LTU"]
[BlackTeamCountry "LTU"]

1. e4 c5 2. Nc3 Nc6 3. g3 g6 4. Bg2 Bg7 5. d3 e6 6. Be3 d6 7. Qd2 Nge7 8. Bh6 Bxh6 9. Qxh6 Nd4 10. 0-0-0 Ng8 11. Qe3 Ne7 12. h4 h5 13. Bh3 e5 14. Nd5 Nxd5 15. exd5 Bxh3 16. Nxh3 Qa5 17. Kb1 0-0-0 18. Ng5 Rd7 19. c3 1/2-1/2

[Event "LTU-chT"]
[Site "Lithuania"]
[Date "2018.01.28"]
[Round "2.3"]
[White "Steponavicius, Stasys"]
[Black "Ruksenas, Romas"]
[Result "1/2-1/2"]
[WhiteElo "2181"]
[BlackElo "1933"]
[PlyCount "60"]
[EventDate "2018.01.27"]
[EventType "team-swiss"]
[EventRounds "7"]
[EventCountry "LTU"]
[SourceTitle "EXT 2019"]
[Source "ChessBase"]
[SourceDate "2018.10.10"]
[SourceVersion "1"]
[SourceVersionDate "2018.10.10"]
[SourceQuality "1"]
[WhiteTeam "Kaunas Margiris"]
[BlackTeam "Vilnius Pasaku"]
[WhiteTeamCountry "LTU"]
[BlackTeamCountry "LTU"]

1. d4 c5 2. d5 Nf6 3. c4 e6 4. Nc3 exd5 5. cxd5 d6 6. e4 g6 7. Nge2 Bg7 8. Ng3 0-0 9. Be2 Na6 10. 0-0 Nc7 11. f3 a6 12. a4 Bd7 13. Bg5 b5 14. Qd2 Re8 15. Qf4 Qe7 16. Rfe1 bxa4 17. Nxa4 Reb8 18. Bf1 Bxa4 19. Rxa4 Rxb2 20. Qc1 Rb6 21. Ra5 Re8 22. Bc4 Rb4 23. Bd2 Rb6 24. Bg5 Reb8 25. e5 dxe5 26. Ne4 Nce8 27. Rxa6 Rxa6 28. Bxa6 Qa7 29. Bf1 Nxd5 30. Qxc5 Qxc5+ 1/2-1/2